MARC

LEADER 00000nam0a2200000 4500
001 22855
005 20231101205519.0
010 |a 5030032894 
035 |a (RuTPU)RU\TPU\book\23069 
035 |a BOOK00023141 
090 |a 22855 
100 |a 20011209d1999 m y0rusy50 ca 
101 1 |a rus  |c eng 
102 |a RU 
105 |a a j 000zy 
200 1 |a Введение в химию окружающей среды  |e пер. с англ.  |f Д. Андруз, П. Бримблекумб, Т. Джикелз, П. Лисс 
210 |a Москва  |c Мир  |d 1999 
215 |a 271 с.  |c ил. 
606 |a Химическая экология  |2 stltpush  |3 (RuTPU)RU\TPU\subj\39145  |9 59337 
606 |a Химия прикладная  |2 stltpush  |3 (RuTPU)RU\TPU\subj\70593  |9 84812 
610 1 |a окружающая среда 
610 1 |a экологическая химия 
610 1 |a принципы 
610 1 |a атмосфера 
610 1 |a земная кора 
610 1 |a океаны 
610 1 |a химический состав 
610 1 |a происхождение 
610 1 |a эволюция 
610 1 |a почва 
610 1 |a осадочные образования 
610 1 |a выветривания 
610 1 |a учебные пособия 
675 |a 54(07)  |v 3 
675 |a 504.05(07)  |v 3 
701 1 |a Андруз  |b Д.  |g Джулиан 
701 1 |a Бримблекумб  |b П.  |g Питер 
701 1 |a Джикелз  |b Т.  |g Тим 
701 1 |a Лисс  |b П.  |g Питер 
801 0 |a RU  |b 63413507  |c 20011209  |g PSBO 
801 2 |a RU  |b 63413507  |c 20171016  |g PSBO 
900 |a Экология 
942 |c BK